| 000 | 00982nam a2200229Ia 4500 | ||
|---|---|---|---|
| 001 | 9542 | ||
| 003 | GE_BSU | ||
| 008 | 181216s||||||||xx |||||||||||||| ||und|| | ||
| 040 | _cGE_BSU | ||
| 080 | _a821.353.1+821.353.1-32 | ||
| 100 | _aმრელაშვილი,ლადო | ||
| 245 | _aრჩეული თხზულებანი ორ ტომად. ტ.1.მოთხრობები | ||
| 245 | _bიყალთოელი ბიჭები,სამი ღამის თავგადასავალი | ||
| 245 | _cრედ.მიმოზა ძიძიგური. მხატვ.მ.ღლონტი | ||
| 260 | _aთბილისი | ||
| 260 | _bმერანი | ||
| 260 | _c1990 | ||
| 300 | _a640გვ.20სმ. | ||
| 653 | _aიყალთოელი ბიჭები,სამი ღამის თავგადასავალი | ||
| 653 | _aრჩეული თხზულებანი | ||
| 942 | _cBK | ||
| 999 |
_c42836 _d42836 |
||